| 000 | 07367nam a22006857a 4500 | ||
|---|---|---|---|
| 005 | 20120229150836.0 | ||
| 010 | _aB-446710-750 | ||
| 020 |
_a8123717695 _c38.00 |
||
| 035 | _aB-446710-750 | ||
| 037 | _bBlue Berry/Ven | ||
| 082 | _a921 | ||
| 100 |
_aKitchlew, Toufique _943644 |
||
| 245 |
_aSaifuddin Kitchlew : _cby Toufique Kitchlew _bhero of Jallianwala bagh / |
||
| 260 |
_aNew Delhi _bNational Book Trust _c1996(rept.) |
||
| 270 |
_aA-5, Green Park, _bNewDelhi _e110016 |
||
| 300 |
_axi,141p. _b22cm(Hb) |
||
| 942 |
_2ddc _cEN _mKIT _h921 |
||
| 999 |
_c63624 _d63624 |
||